00540nam a2200193Ii 450000100060000000300090000600800410001502000150005604000330007104100080010408200160011210000190012824500650014726400410021230000120025333600260026533700280029133800270031913847CO-ViMGA241108s9999||||xx |||||||||||||| ||und|| a9583600946 aCO-ViMGAbspaerdacCO-ViMGA0 aspa04a303.66 O76y1 aCecilia Orozco10aY ahora qué?:bEl futuro de la guerra y la paz en Colombia 1aBogotá, Colombia : EL Angora, 2002 avolumen atextbtxt2rdacontent aunmediatedbn2rdamedia avolumebnc2rdacarrier